000 00423nam a2200157 4500
001 107652
003 ES-MaACL
005 20230906184450.0
007 t|
008 061121s1957 sp r ||||1| spa d
100 1 _aMoreno, Alberto.
_983262
245 1 3 _aEl día de retiro mensual /
_cpor Alberto Moreno.
260 _aMadrid :
_bRazón y fe,
_c1957.
300 _a434 p. ;
_c16.
852 _aES-MaACL
_jC-13537
_bR.40898
999 _c107652
_d107652